Buteurs en finale de la Ligue des Champions depuis 2000 - Statistiques

Statistiques générales
  • Ce quiz a été pris 2 060 fois
    582 depuis la dernière actualisation
  • Le résultat moyen est 29 sur 56
Statistiques - réponses
But(s) Nationalité Joueur % Correct
4 Portugal Cristiano Ronaldo
100%
3 Pays de Galles Gareth Bale
99%
2 Argentine Lionel Messi
98%
2 France Désiré Doué
92%
1 France Karim Benzema
91%
1 Égypte Mohamed Salah
84%
1 Maroc Achraf Hakimi
83%
2 Cameroun Samuel Eto'o
83%
1 Uruguay Luis Suarez
82%
1 Brésil Neymar
82%
1 Côte d'Ivoire Didier Drogba
79%
1 Géorgie Khvicha Kvaratskhelia
78%
1 France Kingsley Coman
75%
2 Croatie Mario Mandzukic
75%
1 Sénégal Sadio Mané
74%
1 France Senny Mayulu
74%
2 Brésil Vinicius Junior
74%
2 Espagne Sergio Ramos
73%
1 Espagne Rodri
72%
1 France Zinédine Zidane
70%
1 Pays-Bas Arjen Robben
65%
1 Espagne David Villa
63%
1 Allemagne Kai Havertz
63%
1 Allemagne Thomas Müller
57%
1 Angleterre Steven Gerrard
54%
1 Espagne Dani Carvajal
52%
1 Croatie Ivan Rakitic
52%
2 Italie Filippo Inzaghi
50%
1 Angleterre Wayne Rooney
50%
2 Argentine Diego Milito
47%
1 Brésil Marcelo
46%
1 Espagne Pedro
42%
1 Brésil Casemiro
41%
2 Argentine Hernan Crespo
41%
1 Belgique Divock Origi
40%
2 Espagne Raul
39%
1 Espagne Xabi Alonso
38%
1 Angleterre Frank Lampard
37%
1 Espagne Marco Asensio
35%
1 Uruguay Diego Godin
34%
1 Italie Paolo Maldini
34%
1 Espagne Alvaro Morata
31%
1 Allemagne Ilkay Gundogan
30%
1 Portugal Deco
29%
1 Belgique Yannick Carrasco
28%
1 Angleterre Sol Campbell
21%
1 Tchéquie Vladimir Smicer
20%
1 Brésil Juliano Belletti
18%
1 Espagne Fernando Morientes
16%
1 Pays-Bas Dirk Kuyt
12%
1 Brésil Lucio
7%
1 Angleterre Steve McManaman
6%
1 Espagne Gaizka Mendieta
4%
1 Allemagne Stefan Effenberg
4%
1 Russie Dmitri Alenicev
3%
1 Brésil Carlos Alberto
2%
Aucun quiz correspondant
Distribution des résultats
% des personnes avec chaque résultat
Percentile par nombre de réponses
Votre historique - résultats
Vous n’avez pas pris ce quiz depuis la dernière actualisation